Anatomy of a Magazine - Statistics

General Stats
  • This quiz has been taken 10 times
  • The average score is 3 of 5
Answers on the Map
Answers color-coded by a green-red scale on the quiz's map according to % correct below.
 
Answer Stats
Answer % Correct
Masthead
100%
Barcode
57%
Coverline
57%
Date Line
43%
Main Image
29%
No matching quizzes found
Score Distribution
Percent of People with Each Score
Percentile by Number Answered
Your Score History
You have not taken this quiz